|
|
แสดงรายละเอียดบรรณานุกรม |
|
|
Brief Record
: Get Marc (ISO 2709)
: E-mail record
: |
| LEADER 00000nama 2200000uu 4500 | |||
| 008 040531s2534 th m m a000 0 tha d | |||
| 020 974-613-066-8 | |||
| 041 tha | |||
| 050 JQ1745 ส747บก 2534 ล.1 | |||
| 100 มหาวิทยาลัยสุโขทัยธรรมาธิราช สาขานิติศาสตร์ | |||
| 245 แบบฝึกปฏิบัติชุดวิชากฎหมายมหาชน หน่วยที่ 1-15/สาขาวิชานิติศาสตร์ มหาวิทยาลัยสุโขทัยธรรมาธิราช 001 | |||
| 250 13 | |||
| 260 นนทบุรี มหาวิทยาลัย 2534 | |||
| 300 270 หน้า | |||
| 650 กฏหมายมหาชน แบบฝึกหัก กกหมายปกครอง ไทย แบบฝึกหัดกฏหมายรัฐธรรมนูญ ไทย แบบฝึกหัดชื่อเรื่อง | |||
| 998 1999-01-20 | |||
| คุณยังไม่ได้ล็อกอิน คุณสามารถมีกิจกรรมร่วมกับเว็บไซต์ได้ แต่ต้องล็อกอินก่อน :: |
|
| สถานะ | |||||||||
| 1. | หนังสือทั่วไป | JQ1745 ส747บก 2534 ล.1 2534 | On Shelf ขอยืม | ||||||
| [แสดง 1/1 รายการ] | |||||||||
BibComment |
| คอมเมนท์ทรัพยากรรายการนี้ |
|
|